|
|
|
|
| LEADER |
01548nam a22002897a 4500 |
| 001 |
38821 |
| 003 |
BD-DhAAL |
| 008 |
220808t2006 bg a|||| |||| 00| 0aben d |
| 999 |
|
|
|c 44809
|d 44809
|
| 020 |
|
|
|a 9842000265
|
| 020 |
|
|
|a 9789842000263
|
| 040 |
|
|
|a BD-DhAAL
|c BD-DhAAL
|
| 082 |
|
|
|a 954.9204092
|
| 100 |
|
|
|a রহমান, মোহাম্মদ হাফিজুর
|9 50712
|
| 245 |
|
|
|a শতাব্দীর সাথে সাতচল্লিশ বছর :
|b মোহাম্মদ হাফিজুর রহমানের আত্নকথা /
|c সাক্ষাৎকার মেসবাহ কামাল ; সম্পাদনা মোঃ আনিসুর রহমান
|
| 246 |
|
|
|a Forty seven years with the century :
|b memoirs of Hafizur Rahman
|
| 260 |
|
|
|a ঢাকা :
|b অ্যাডর্ন পাবলিকেশন,
|c ২০০৬.
|
| 300 |
|
|
|a ১১২ পৃষ্ঠা ;
|c ২২ সে.মি.
|
| 541 |
|
|
|a Donated By Akbar Ali Khan
|e 38821
|
| 600 |
|
|
|a Rahman, Md. Hafizur
|9 50713
|
| 650 |
|
|
|a Lecturers
|z Bangladesh
|x Biography.
|9 50714
|
| 650 |
|
|
|a Cabinet officers
|z Bangladesh
|x Biography.
|9 50715
|
| 700 |
|
|
|a কামাল, মেসবাহ
|9 50716
|
| 700 |
|
|
|a রহমান, মোঃ আনিসুর
|9 50717
|
| 852 |
|
|
|a Ayesha Abed Library
|c Akbar Ali Khan Collection
|
| 942 |
|
|
|2 ddc
|c BK
|
| 952 |
|
|
|0 0
|1 0
|2 ddc
|4 0
|6 954_920409200000000_RAH
|7 1
|9 71637
|a BRACUL
|b BRACUL
|c AAKC
|d 2022-08-08
|e Donated by Akbar Ali Khan
|l 0
|o 954.9204092 RAH
|p 3010038821
|r 2022-08-08
|t 1
|w 2022-08-08
|y BK
|